Regulation of cell membrane activities in plants. (Record no. 26933)
[ view plain ]
| 000 -LEADER | |
|---|---|
| fixed length control field | 00388nam a2200145Ia 4500 |
| 082 ## - DEWEY DECIMAL CLASSIFICATION NUMBER | |
| Classification number | 576.314(06) |
| Item number | MAR;1 |
| 100 ## - MAIN ENTRY--AUTHOR NAME | |
| Personal name | CIFERRI, O |
| 245 #0 - TITLE STATEMENT | |
| Title | Regulation of cell membrane activities in plants. |
| 260 ## - PUBLICATION, DISTRIBUTION, ETC. (IMPRINT) | |
| Place of publication | Amsterdam |
| Name of publisher | North Holland |
| Year of publication | 1977 |
| 650 ## - SUBJECT ADDED ENTRY--TOPICAL TERM | |
| Topical Term | Cell membrane |
| 650 ## - SUBJECT ADDED ENTRY--TOPICAL TERM | |
| Topical Term | Ion transport |
| 700 ## - ADDED ENTRY--PERSONAL NAME | |
| Personal name | MARRE, E |
| 942 ## - ADDED ENTRY ELEMENTS (KOHA) | |
| Koha item type | Books |
| Withdrawn status | Lost status | Damaged status | Not for loan | Home library | Current library | Date acquired | Full call number | Accession Number | Koha item type |
|---|---|---|---|---|---|---|---|---|---|
| RRII Library | RRII Library | 16/12/2021 | 576.314(06) MAR;1 | 07564 | Books |